[Event "Catalunya-chT"]
[Site "Catalunya"]
[Date "2012.03.24"]
[Round "9.10"]
[White "Hernandez Casillas, Joan Josep"]
[Black "Lopez Santana, Oscar"]
[Result "1/2-1/2"]
[WhiteElo "2177"]
[BlackElo "2168"]
[PlyCount "96"]
[EventDate "2012.01.28"]
[EventType "team-tourn"]
[EventRounds "11"]
[EventCountry "ESP"]
[SourceTitle "EXT 2013"]
[Source "ChessBase"]
[SourceDate "2012.11.22"]
[SourceVersion "1"]
[SourceVersionDate "2012.11.22"]
[SourceQuality "1"]
[WhiteTeam "Montcada"]
[BlackTeam "Foment Martinenc"]
[WhiteTeamCountry "ESP"]
[BlackTeamCountry "ESP"]

1. d4 Nf6 2. g3 c5 3. d5 e6 4. c4 exd5 5. cxd5 d6 6. Nc3 g6 7. Bg2 Bg7 8. Nf3 0-0 9. 0-0 Na6 10. e4 Nc7 11. a4 Bg4 12. h3 Bxf3 13. Bxf3 Nd7 14. Bg2 a6 15. Qb3 b5 16. axb5 axb5 17. Rxa8 Qxa8 18. f4 c4 19. Qd1 b4 20. Ne2 Nb5 21. Kh2 Qa2 22. Qd2 c3 23. bxc3 Qxd2 24. Bxd2 Nxc3 25. Bf3 Ra8 26. Bxc3 bxc3 27. e5 dxe5 28. Nxc3 exf4 29. Ne4 Ra2+ 30. Rf2 Rxf2+ 31. Nxf2 Ne5 32. Be2 f3 33. Bd1 Bh6 34. Ng4 Nxg4+ 35. hxg4 f2 36. Kg2 Be3 37. d6 Bc5 38. d7 Bb6 39. Be2 Kf8 40. Bb5 Ke7 41. Ba4 f6 42. Bb5 h6 43. Ba4 Kd6 44. d8Q+ Bxd8 45. Kxf2 Ke5 46. Kf3 f5 47. Bd7 Ba5 48. gxf5 gxf5 1/2-1/2

[Event "Catalunya-chT"]
[Site "Catalunya"]
[Date "2012.03.03"]
[Round "6.10"]
[White "Lopez Santana, Oscar"]
[Black "Luna Cortes, Luis"]
[Result "1-0"]
[WhiteElo "2168"]
[BlackElo "2159"]
[PlyCount "67"]
[EventDate "2012.01.28"]
[EventType "team-tourn"]
[EventRounds "11"]
[EventCountry "ESP"]
[SourceTitle "EXT 2013"]
[Source "ChessBase"]
[SourceDate "2012.11.22"]
[SourceVersion "1"]
[SourceVersionDate "2012.11.22"]
[SourceQuality "1"]
[WhiteTeam "Foment Martinenc"]
[BlackTeam "Barbera"]
[WhiteTeamCountry "ESP"]
[BlackTeamCountry "ESP"]

1. e4 c5 2. Nf3 e6 3. c3 d5 4. e5 Nc6 5. d4 Bd7 6. Be2 Qc7 7. 0-0 Nge7 8. a3 c4 9. Bf4 Na5 10. Nbd2 Ng6 11. Bg3 Qb6 12. Rb1 Rc8 13. h4 Ne7 14. h5 Nb3 15. Nxb3 cxb3 16. Nd2 Ba4 17. Bd3 Nc6 18. Qe2 Na5 19. f4 g6 20. Bh4 Bd7 21. hxg6 hxg6 22. Bf6 Rg8 23. Rf3 Be7 24. Bxe7 Kxe7 25. Rh3 Kd8 26. Rh7 Rf8 27. Nf3 Be8 28. Ng5 Nc6 29. Bxg6 Nxd4 30. cxd4 fxg6 31. Rd1 Rxf4 32. Qd2 Rf5 33. Qb4 Bf7 34. Nxf7+ 1-0

[Event "Roncana op-A 5th"]
[Site "Santa Eulalia de Roncana"]
[Date "2011.11.05"]
[Round "5"]
[White "Lopez Santana, Oscar"]
[Black "Ruiz Alba, Daniel"]
[Result "1-0"]
[WhiteElo "2173"]
[BlackElo "1770"]
[PlyCount "70"]
[EventDate "2011.10.01"]
[EventType "swiss"]
[EventRounds "8"]
[EventCountry "ESP"]
[SourceTitle "EXT 2013"]
[Source "ChessBase"]
[SourceDate "2012.11.22"]
[SourceVersion "1"]
[SourceVersionDate "2012.11.22"]
[SourceQuality "1"]

1. e4 e5 2. Nf3 Nc6 3. c3 Nf6 4. d4 exd4 5. e5 Nd5 6. Qb3 Nb6 7. cxd4 d5 8. Be3 Bb4+ 9. Nc3 Bf5 10. Bb5 Bd7 11. Rc1 0-0 12. Bd3 f6 13. 0-0 Bg4 14. exf6 Bxc3 15. Qxc3 Qxf6 16. Ne5 Bd7 17. Nxd7 Nxd7 18. Bb5 Ndb8 19. Qb3 Qd6 20. Bxc6 Nxc6 21. Qxb7 Na5 22. Qxc7 Qxc7 23. Rxc7 Nc4 24. b3 Nxe3 25. fxe3 a5 26. Rxf8+ Kxf8 27. Rc5 a4 28. b4 a3 29. Rxd5 Rb8 30. b5 Ke7 31. Kf2 Ra8 32. b6 Ke6 33. Rb5 Kd6 34. b7 Rb8 35. e4 Kc6 1-0